000 01071nam a22002897a 4500
003 OSt
005 20210303150518.0
008 210303s1945 mx ||||gr|||| 00| 0 spa d
020 _a9681602870
040 _aCO-JMCR
_cCO-JMCR
041 1 _aspa
_heng
050 _aSegunda edición
082 0 4 _a320.9 /
_bS116h
_223
100 1 _aSabine, George H.,
_eautor
_914313
245 1 0 _aHistoria de la teoría política /
_cGeorge H. Sabine ; traducción de Vicente Herrero
260 _aMéxico :
_bFondo de Cultura Económica,
_c1945.
300 _a677 páginas ;
_c23 cm.
490 0 _aSelección de obras de política
504 _aBibliografía : páginas 662.
505 _ala teoría de la ciudad estado -- La teoría de la comunidad universal -- La teoría del estado Nacional
520 0 _aEn forma llena y directa sin dejar por ello de ser minucioso y exacto.
546 0 _aTraducción del ingles.
650 1 4 _aCiencias Políticas
_914314
650 2 4 _aTeoría política
_914315
700 1 _aHerrero, George H,
_eautor
_914316
942 _2ddc
_cBK
999 _c7430
_d7430